Statistics for Star Wars Vehicles

Click here to take the quiz!

General Stats

  • This quiz has been taken 53 times
  • The average score is 13 of 30

Answer Stats

HintShip% Correct
Standard Imperial fighterTIE Fighter
100%
Standard Imperial bomberTIE Bomber
91%
Han Solo's shipMillennium Falcon
81%
Standard Rebel fighterX-wing
77%
Standard Rebel bomberY-wing
77%
Imperial FlagshipStar Destroyer
72%
Name of Boba Fett's shipSlave 1
70%
Rebel fighter seen during the Battle of EndorA-wing
65%
Imperial fighter with increased speed and agilityTIE Interceptor
60%
Rebel fighter used at the Battle of ScarifU-wing
56%
Rebel fighter also seen during the Battle of Endor & Star Wars: RebelsB-wing
53%
Name of the first ship to be seen in Episode IVTantive IV
49%
Standard Clone fighterARC-170
44%
Name of Vader's personal flagshipThe Executor
40%
Herra Sindula's ship during Star Wars: RebelsThe Ghost
40%
Name of rebel vessel used to destroy two star destroyers during the Battle of ScarifHammerhead Corvette
37%
Imperial fighter very briefly seen at the end of Episode 3V-wing
37%
Vader's personal fighterTIE Advanced X1
33%
Thrawn's secret projectTIE Defender
33%
Smaller ship that would attach to the previousThe Phantom
28%
Name of rebel flagship during the Battle of EndorHome One
26%
Imperial fighter used at the Battle of ScarifTIE Striker
21%
Starkiller's personal ship throughout "The Force Unleashed"Rogue Shadow
16%
Name of stolen Imperial Shuttle used by the rebels to get onto EndorShuttle Tydirium
16%
Name of Kylo Ren's personal flagshipThe Finalizer
14%
Class of Imperial Ship seen during Star Wars: RebelsInterdictor
9%
Name of General Greivous' personal fighterSoulless One
7%
Name of Ship that Han and Chewie used to transport RathtarsThe Eravana
7%
Name of Jango Fett's shipClone 1
5%
Ship used to transport Jedi during the Clone WarsT-6 Shuttle
5%

Score Distribution

Percentile by Number Answered

Percent of People with Each Score

Your Score History

You have not taken this quiz